Fr. Conceicao Rodrigues College of Engineering

Heat transfer (Record no. 34736)

MARC details
000 -LEADER
fixed length control field 00263nam a2200133Ia 4500
100 ## - MAIN ENTRY--PERSONAL NAME
Personal name Holman/ J.P
245 ## - TITLE STATEMENT
Title Heat transfer
260 ## - PUBLICATION, DISTRIBUTION, ETC.
Name of publisher, distributor, etc. Mc Graw Hill
Place of publication, distribution, etc. New York
Date of publication, distribution, etc. 1992
300 ## - PHYSICAL DESCRIPTION
Extent 733
546 ## - LANGUAGE NOTE
Language note ENGLISH
654 ## - SUBJECT ADDED ENTRY--FACETED TOPICAL TERMS
Focus term Heat
942 ## - ADDED ENTRY ELEMENTS (KOHA)
Koha item type BOOK
Holdings
Withdrawn status Lost status Damaged status Not for loan Collection Home library Current library Shelving location Date acquired Cost, normal purchase price Total Checkouts Full call number Barcode Date last seen Cost, replacement price Price effective from Koha item type
        CRC Fr. Agnel's C.Rodrigues College of Engineering Fr. Agnel's C.Rodrigues College of Engineering   17/03/2023 514.60   5747 17/03/2023 514.60 17/03/2023 BOOK